Every WWE Royal Rumble Winner - Statistics

General Stats
  • This quiz has been taken 132 times
    89 since last reset
  • The average score is 26 of 31
Answer Stats
Year(s) Name No. Of Times % Correct
1997-1998, 2001 Steve Austin 3
99%
2002, 2016 Triple H 2
97%
1990-1991 Hulk Hogan 2
96%
1995-1996 Shawn Michaels 2
96%
2008, 2013 John Cena 2
95%
2009, 2017 Randy Orton 2
93%
2010, 2021 (Mens) Edge 2
92%
2005, 2014 Batista 2
91%
1992 Ric Flair 1
89%
2015 Roman Reigns 1
89%
2000 The Rock 1
89%
2011 Alberto Del Rio 1
86%
1994 Bret Hart 1
86%
2006 Rey Mysterio 1
84%
2012 Sheamus 1
84%
2018 (Mens) Shinsuke Nakamura 1
84%
2007 The Undertaker 1
84%
2018 (Womens) Asuka 1
83%
2003 Brock Lesnar 1
83%
2020 (Mens) Drew McIntyre 1
82%
2004 Chris Benoit 1
80%
1988 Jim Duggan 1
80%
2019 (Mens) Seth Rollins 1
80%
1993 Yokozuna 1
78%
2020 (Womens) Charlotte Flair 1
76%
1994 Lex Luger 1
76%
2019 (Womens) Becky Lynch 1
75%
1989 Big John Studd 1
75%
2018 (Greatest) Braun Strowman 1
70%
2021 (Womens) Bianca Belair 1
68%
1999 Mr. McMahon 1
49%
No matching quizzes found
Score Distribution
Percent of People with Each Score
Percentile by Number Answered
Your Score History
You have not taken this quiz since the last reset